000
00274nam a2200121Ia 4500
008
190216s9999||||xx |||||||||||||| ||und||
100
_a
Mukhi K H
245
0
_a
Principles Of Corporation Finance
260
_b
Null
_c
1960
300
_a
428p
650
_a
Commerce
942
_c
BK
999
_c
4793
_d
4793